000 00374nam a22001457a 4500
005 20160216115521.0
008 160216b xxu||||| |||| 00| 0 eng d
040 _cPK-LaUMT
082 _aAMC 954.9205
_bRUS-E
100 _aRushbrook williams
245 _aThe east Pakistan tragedy
_cRushbrook williams
260 _aLondon
_bTom stacey
_c[ ]
300 _a[ ]
942 _cBK
999 _c82866
_d82866